Valtiot rajojen mukaan #1 - Statistics

Yleistilastot
  • Tätä visaa on pelattu 1 625 kertaa
  • Keskiarvotulos 16 / 20
Vastaustilastot
Maarajat Valtio % Oikein
Kanada, Meksiko Yhdysvallat
100%
Espanja Portugali
98%
Belgia, Saksa Alankomaat
97%
Latvia, Venäjä Viro
97%
Yhdistynyt kuningaskunta Irlanti
94%
Ranska, Espanja Andorra
89%
Saksa Tanska
89%
Itävalta, Puola, Saksa, Slovakia Tšekki
84%
Argentiina, Brasilia Uruguay
81%
Dominikaaninen tasavalta Haiti
79%
Israel, Libya, Sudan Egypti
78%
Algeria, Libya Tunisia
76%
Myanmar, Intia Bangladesh
75%
Albania, Bulgaria, Pohjois-Makedonia, Turkki Kreikka
75%
Kolumbia, Costa Rica Panama
75%
Laos, Kambodža, Kiina Vietnam
75%
Nicaragua, Panama Costa Rica
74%
Djibouti, Etiopia, Kenia Somalia
71%
Irak, Saudi-Arabia Kuwait
66%
Senegal Gambia
64%
Ehtoja vastaavia visoja ei löytynyt
Tulosjakauma
Jokaisen tuloksen saaneiden osuus
Persentiili vastausten määrän mukaan
Tuloshistoriasi
Et ole pelannut tätä visaa